| 000 | 00664nam a2200205Ia 4500 | ||
|---|---|---|---|
| 001 | 3235 | ||
| 003 | GE_BSU | ||
| 008 | 181216s||||||||xx |||||||||||||| ||und|| | ||
| 040 | _cGE_BSU | ||
| 080 | _a744(035.3) | ||
| 100 | _aГодик,Е.И. Янушевский,С.К. Бирюкович,Л.К. | ||
| 245 | _aСправочное руководство по черчению. | ||
| 245 | _cПод. ред. Е.И.Годика; Гл. ред. В.К.Сердюк. | ||
| 260 | _aМ. | ||
| 260 | _bМашгиз. | ||
| 260 | _c1959. | ||
| 300 | _a714 стр. 22 см. | ||
| 653 | _aСправочное руководство по черчению. | ||
| 942 | _cBK | ||
| 999 |
_c37276 _d37276 |
||